All Governors of Tennessee - Statistics

General Stats
  • This quiz has been taken 6 times
  • The average score is 13 of 58
Answer Stats
Years Served Party Governor % Correct
2019 - Present Republican Bill Lee
100%
2011 - 2019 Republican Bill Haslam
75%
1953 - 1959 Democrat Frank G. Clement
75%
1963 - 1967 Democrat Frank G. Clement
75%
1979 - 1987 Republican Lamar Alexander
75%
2003 - 2011 Democrat Phil Bredesen
75%
1853 - 1857 Democrat Andrew Johnson
50%
1862 - 1865 Demcrat Andrew Johnson
50%
1845 - 1847 Democrat Aaron V. Brown
25%
1919 - 1921 Democrat Albert H. Roberts
25%
1921 - 1923 Republican Alfred A. Taylor
25%
1881 - 1883 Republican Alvin Hawkins
25%
1923 - 1927 Democrat Austin Peay
25%
1911 - 1915 Republican Ben W. Hooper
25%
1959 - 1963 Democrat Buford Ellington
25%
1967 - 1971 Democrat Buford Ellington
25%
1869 - 1871 Republican Dewitt Clinton Senter
25%
1995 - 2003 Republican Don Sundquist
25%
1927 -1933 Democrat Henry Hollis Horton
25%
1933 - 1937 Democrat Hill McAlister
25%
1875 - 1879 Democrat James D. Porter
25%
1839 - 1841 Democrat James K. Polk
25%
1945 - 1949 Democrat Jim Nance McCord
25%
1871 - 1875 Democrat John C. Brown
25%
1905 - 1907 Democrat John I. Cox
25%
1796 - 1801 Democratic Republican John Sevier
25%
1803 - 1809 Democratic Republican John Sevier
25%
1815 - 1821 Democratic Republican Joseph McMinn
25%
1847 - 1849 Whig Neill S. Brown
25%
1939 - 1945 Democrat Prentice Cooper
25%
1887 - 1891 Democrat Robert Love Taylor
25%
1897 - 1899 Democrat Robert Love Taylor
25%
1915 - 1919 Democrat Thomas Clarke Rye
25%
1821 - 1827 Democratic Republican William Carroll
25%
1829 -1835 Democrat William Carroll
25%
1809 - 1815 Democratic Republican Willie Blount
25%
1879 - 1881 Democrat Albert S. Marks
0%
1801 - 1803 Democratic Republican Archibald Roane
0%
1899 - 1903 Democrat Benton McMillin
0%
1865 ----- Edward H. East
0%
1937 - 1939 Democrat Gordon Browning
0%
1949 - 1953 Democrat Gordon Browning
0%
1857 - 1862 Democrat Isham G. Harris
0%
1903 - 1905 Democrat James B. Frazier
0%
1841 - 1845 Whig James C. Jones
0%
1891 - 1893 Democrat John P. Buchanan
0%
1907 - 1911 Democrat Malcolm R. Patterson
0%
1987 - 1995 Democrat Ned McWherter
0%
1835 - 1839 Whig Newton Cannon
0%
1865 - 1869 Republican Parson Brownlow
0%
1893 - 1897 Democrat Peter Turney
0%
1975 - 1979 Democrat Ray Blanton
0%
1827 - 1829 Democrat Sam Houston
0%
1883 - 1887 Democrat William B. Bate
0%
1851 - 1853 Whig William B. Campbell
0%
1829 Democrat William Hall
0%
1849 - 1851 Democrat William Trousdale
0%
1971 - 1975 Republican Winfield Dunn
0%
No matching quizzes found
Score Distribution
Percent of People with Each Score
Percentile by Number Answered
Your Score History
You have not taken this quiz